Estudio de los mineros migrantes que extraen oro en el departamento de Madre de Dios / (Registro nro. 2146)

000 -CABECERA
campo de control de longitud fija 01162nam a2200229 4500
005 - FECHA Y HORA DE LA ÚLTIMA TRANSACCIÓN
campo de control 20210808235146.0
008 - DATOS DE LONGITUD FIJA--INFORMACIÓN GENERAL
campo de control de longitud fija 210808s1982 pe |||fr|||| 001 0 spa d
040 ## - FUENTE DE LA CATALOGACIÓN
Centro catalogador/agencia de origen CENDOC CAAP
Lengua de catalogación spa
Centro/agencia transcriptor CAAAP
041 ## - CÓDIGO DE LENGUA
Código de lengua del texto/banda sonora o título independiente spa
050 ## - SIGNATURA TOPOGRÁFICA DE LA BIBLIOTECA DEL CONGRESO
Número de clasificación HD 9536
Número de documento/Ítem .A97
100 1# - ENTRADA PRINCIPAL--NOMBRE DE PERSONA
9 (RLIN) 3892
Nombre personal Aznar, Pablo
245 1# - MENCIÓN DE TÍTULO
Título Estudio de los mineros migrantes que extraen oro en el departamento de Madre de Dios /
Mención de responsabilidad, etc. Pablo Aznar y Milagro Luna Ballón
250 ## - MENCIÓN DE EDICIÓN
Mención de edición 2da ed.
260 ## - PUBLICACIÓN, DISTRIBUCIÓN, ETC.
Lugar de publicación, distribución, etc. Lima:
Nombre del editor, distribuidor, etc. Organización de Trabajo y Promoción social. Centro Interamericano de Administración del Trabajo,
Fecha de publicación, distribución, etc. 1982
300 ## - DESCRIPCIÓN FÍSICA
Extensión 85 p.
505 ## - NOTA DE CONTENIDO CON FORMATO
Nota de contenido con formato Contiene : Aspectos generales -- Proyecto de Estudio -- Instrumentos utilizados en la encuesta aplicada a los trabajadores que extraen oro en las áreas de los ríos Colorado, Madre de Dios y en las zonas de Masuko y Huaypetúe -- Resultados de la encuesta aplicada a los trabajadores que extraen oro en las áreas de los ríos Colorado y Madre de Dios y en las zonas de Masuko y Huaypetúe.
650 10 - PUNTO DE ACCESO ADICIONAL DE MATERIA--TÉRMINO DE MATERIA
9 (RLIN) 1185
Término de materia o nombre geográfico como elemento de entrada Minería
650 20 - PUNTO DE ACCESO ADICIONAL DE MATERIA--TÉRMINO DE MATERIA
9 (RLIN) 21
Término de materia o nombre geográfico como elemento de entrada Migración
650 20 - PUNTO DE ACCESO ADICIONAL DE MATERIA--TÉRMINO DE MATERIA
9 (RLIN) 1293
Término de materia o nombre geográfico como elemento de entrada Minas de Oro
700 1# - PUNTO DE ACCESO ADICIONAL--NOMBRE DE PERSONA
9 (RLIN) 2003
Nombre de persona Luna Ballon, Milagro
942 ## - ELEMENTOS PERSONALIZADOS KOHA
Fuente del sistema de clasificación o colocación
Fecha de catalogación 08 - 08 - 21
Tipo de ítem Koha Libros
Existencias
Fuente del sistema de clasificación o colocación Localización permanente Ubicación/localización actual Fecha de adquisición Número de inventario Total de préstamos Signatura LC Fecha visto por última vez Tipo de ítem Koha
  CENTRO DE DOCUMENTACIÓN (CENDOC) CENTRO DE DOCUMENTACIÓN (CENDOC) 08/08/2021 001363   HD 9536 | .A97 08/08/2021 Libros
Centro de Documentación CAAAP | AV. Manuel González Prada 626, Magdalena del Mar | (51-1) 4615223 Anexo 205 y 209 | cendoc@caaap.org.pe